000 00634cam a22002291 4500
001 sa 66008010
003 DLC
005 20260227112309.0
008 891030s1965 ii 000 0 hino
010 _asa 66008010
035 _a(OCoLC)20572095
040 _aDLC
_cWaU
_dNRU
_dDLC
042 _apremarc
050 0 0 _aPK2098.B295
_bD5
100 1 _aBaijal, Shiam Narain,
_d1913-
245 1 0 _aDiśāoṃ kā pahalā ākāśa. [Lekhaka] Śyāmanārāyaṇa Baijala.
250 _a[1. saṃskaraṇa.
260 _aBarelī,
_bPārvatī Prakāśana,
_c1965]
300 _a66 p.
_c22 cm.
500 _aIn Hindi.
500 _aPoems.
999 _c71575
_d71575